| 000 | 00890cam a2200265 a 4500 | ||
|---|---|---|---|
| 001 | 000006542 | ||
| 005 | 20200929153940.0 | ||
| 008 | 761023s1973 sp b 001 f spa | ||
| 015 | _aSp73-Sept | ||
| 040 |
_aDO-SdBNP _cDLC _dDLC |
||
| 082 |
_aCu863.3 _bS211ó |
||
| 100 | 1 |
_aSánchez, Julio C. _918169 |
|
| 245 | 1 | 3 |
_aLa obra novelística de Cirilo Villaverde / _cJulio C. Sánchez. |
| 260 |
_aMadrid : _bArtes Gráficas, _c1973. |
||
| 300 |
_a215 p. ; _c21 cm. |
||
| 490 | 1 | _aDe Orbe Novo | |
| 504 | _aBibliografía: p. 205-211. | ||
| 500 | _aErrata slip insertado. | ||
| 590 | _aLa biblioteca posee un ejemplar autografiado por el autor. | ||
| 600 | 1 | 4 |
_aVILLAVERDE, CIRILO _d1812-1894 _xCRÍTICA E INTERPRETACIÓN _918170 |
| 650 | 4 |
_aNovela cubana _xCrítica e interpretación _918171 |
|
| 830 | 0 |
_aDe Orbe Novo. _918172 |
|
| 910 | _aCatalogación por copia / LC | ||
| 049 | _aBNGR | ||
| 999 |
_c6333 _d6333 |
||